Регионална библиотека "Любен Каравелов" - Русе

Мидълмарч (Запис номер 158149)

MARC детайли
000 -Лидер
Контролно поле с фиксирана дължина 01409nam a2200361 c 4500
003 - Код на организацията, давaща контролен номер
Контролно поле BLK
005 - Дата и час на последна редакция
Контролно поле 20250609171658.0
008 - Елементи от данни с фиксирана дължина
fixed length control field 180410b bul|||||r ||||||| ||bul||
010 ## - Наследен системен номер
LC control number KNG00165156000
020 ## - Международен стандартен номер на книга ISBN
Международен стандартен номер на книга ISBN 978-619-150-041-3
040 ## - Източник на каталожния запис
Идентификатор на билиотеката - собственик на записа BLK
041 ## - Код за език
Код за езика на текст/звукозапис или на отделно заглавие Български
Код за езика КДБФ Български
072 #7 - Код за тематичната категория
Код организация bullib
Код за тематична категория Н83
Текст Чужда художествена литература Н
080 ## - УДК
Текстов определител УДК Английска литература
УДК код - определител по УДК 821.111
УДК определител -31
УДК - код + определител 821.111-31
100 1# - Редна дума - Автор
Автор Елиът, Джордж
Авторска отговорност първи автор
R(LIN) 332504
139 ## - Редно поле
Редна дума Елиът, Джордж
Авторски знак Елин Пелин - Е 53
245 10 - Сведения за заглавието
Заглавие Мидълмарч
Редно поле (дума) Джордж Елиът; прев. от англ. Весела Тодорова Кацарова.
257 ## - Страна на издаване
Страна на създаване/издаване Великобритания
260 ## - Област на издателските данни
Име на издателя, разпространителя и проч. Колибри
Година на издаване 2013
Печатница София : Симолини
300 ## - Физическа характеристика
Страници 880 с.
Размери/Мащаб 20 см
380 ## - Жанр
Жанр Худож. лит.
490 1# - СЕРИИ (Колекции)
Име на серия Световна класика
500 ## - Общи забележки
Забележка Ориг. загл.: Middlemarch: A study of provincial life / George Eliot. - Джордж Елиът - псевд. на Мери Ан Евънс
659 ## - Тематичен бюлетин
Тематичен бюлетин Н
700 1# - Други автори (авторска отговорност)
Лично име Кацарова, Весела Тодорова
Автороска отговорност (Описва отношението между автора и произведението) прев. от англ.
9 (RLIN) 365253
852 ## - Местоположение
Форматна сигнатура Цб 270847
856 4# - Електронен адрес и достъп
Електронен формат pdf - файл
856 4# - Електронен адрес и достъп
Електронен формат pdf - файл
999 ## - СИСТЕМНИ КОНТРОЛНИ НОМЕРА
Koha biblionumber 158149
Koha biblioitemnumber 158149
942 ## - АРТИКУЛИ
Вид на библиотечния материал Книги
Скрит в OPAC Не
Koha issues (borrowed), all copies 13
Периодичен библиозапис Да
944 ## - СЪЗДАВАНЕ И РЕДАКЦИЯ на ЗАПИСА
Създаване/Редакция Създаване
Дата на регистрацията/редакция 23.09.2014
Служител, извършил регистрацията/редакцията 30576
Статус, дата на статуса Цветомила Тодорова
944 ## - СЪЗДАВАНЕ И РЕДАКЦИЯ на ЗАПИСА
Създаване/Редакция Редакция
Дата на регистрацията/редакция 19.08.2016
Служител, извършил регистрацията/редакцията Виолета_Тройчева
999 ## - СИСТЕМНИ КОНТРОЛНИ НОМЕРА
Koha biblioitemnumber 158149
Наличности
Код за отписване Код за изгубен артикул Код за повреда Коз за рестрикции Код за отдаване Артикулен № Име на библиотеката - собственик Име на библиотеката, в която се намира в момента Статус (Текущо местоположение) Дата на вписване в системата Местоположение - отдел Цена в лева Инвентарен номер Систематично азбучна сигнатура Баркод Номер на екземпляра Цена в евро Служебна бележка Служебен тип на артикула Източник на класификационната схема
  Не е изгубен Не е повреден без рестрикции ползва се в читалня 264651 Регионална библиотека "Любен Каравелов" Русе Регионална библиотека "Любен Каравелов" Русе Хранилище 2014-09-29 Хранилище 29.00 120000781094 Цб 270847 120000781094 1 14.83 Дост: Dp Вид: Д N: 1 Дата: 09.01.2014 Книги  
  Не е изгубен Не е повреден без рестрикции заемане за дома 880416 Регионална библиотека "Любен Каравелов" Русе Регионална библиотека "Любен Каравелов" Русе Заемна - подръчен фонд 2022-04-05 Заемна - подръчен фонд 20.00   821-31/Е 53 Д 120000870470   10.23   Книги Universal Decimal Classification
Vip Innovations Ltd, Rousse, Bulgaria 2025